banner-ar

السلطة و طول العمر/ (Record no. 61665)

MARC details
000 -الفاتح
حقل البيانات ثابتة الطول 01168nam a22003017a 4500
005 - وقت وتاريخ اخر تعامل مع التسجيلة
رقم الضبط 20240530110510.0
008 - عناصر البيانات ثابتة الطول - معلومات عامة
حقل البيانات ثابتة الطول 151031s2010 ua a g 000 0 ara d
017 ## - رقم الايداع القانونى
رقم الايداع القانونى 2010/43837
المصدر ( الهيئة المختصة) مصر . دار الكتب المصرية
040 ## - مصدر الفهرسة
وكالة الفهرسة الأصلية EG-CaGPL
082 04 - رقم تصنيف ديوى العشرى
رقم الطبعة 21
رقم التصنيف 923.1\
رقم المادة ح س
100 0# - المدخل الرئيسى - إسم شخصى
الإسم الشخصى حمدى الكنيسى .
245 12 - بيان العنوان
العنوان السلطة و طول العمر/
بيان المسئوليه,etc حمدى الكنيسى .
250 ## - بيان الطبعة
بيان الطبعة ط1.
260 ## - PUBLICATION, DISTRIBUTION, ETC. (IMPRINT)
تاريخ النشر أو التوزيع 2010 .
300 ## - الوصف المادى
التعداد 230 ص ؛
أبعاد الوعاء 24 سم .
600 04 - المدخل الاضافى بالموضوع-اسم شخصى
الإسم الشخصى حسنى مبارك .
600 04 - المدخل الاضافى بالموضوع-اسم شخصى
الإسم الشخصى على عبدالله صالح
عنوان العمل رئيس اليمن .
600 04 - المدخل الاضافى بالموضوع-اسم شخصى
الإسم الشخصى معمر القذافى .
600 04 - المدخل الاضافى بالموضوع-اسم شخصى
الإسم الشخصى عبدالله بن عبدالعزيز
عنوان العمل ملك السعودية .
650 04 - المدخل الاضافى بالموضوع-مصطلح موضوعى
مصطلح موضوعي رؤساء الدول .
650 04 - المدخل الاضافى بالموضوع-مصطلح موضوعى
مصطلح موضوعي السلطة التنفيذية .
651 04 - المدخل الاضافى بالموضوع - اسم جغرافى
الاسم الجغرافي مصر
التقسيم الفرعي العام رؤساء الجمهوريه .
651 04 - المدخل الاضافى بالموضوع - اسم جغرافى
الاسم الجغرافي اليمن
التقسيم الفرعي العام رؤساء الجمهورية .
651 04 - المدخل الاضافى بالموضوع - اسم جغرافى
الاسم الجغرافي ليبيا
التقسيم الفرعي العام رؤساء الجمهورية .
651 04 - المدخل الاضافى بالموضوع - اسم جغرافى
الاسم الجغرافي السعودية
التقسيم الفرعي العام الملوك و الحكام .
942 ## - عناصر المدخل الإضافي( كوها)
مصدر التصنيف او مخطط الترفيف Dewey Decimal Classification
Koha [default] item type كتاب
260 ## - PUBLICATION, DISTRIBUTION, ETC. (IMPRINT)
-- القاهرة :
-- مكتبة جزيرة الورد ،
Holdings
حالة التراجع حالة الفقد حالة تلف ليس للاعارة المكان المؤقت الموقع الحالى تاريخ الاكتساب اجمالي اﻻعارات رقم الطلب الباركود تاريخ اخر مشاهدة تاريخ تفعيل السعر نوع وعاء كوها
        مكتبة القاهرة الكبرى مكتبة القاهرة الكبرى 10/31/2015   923.1\ ح س 161012 10/31/2015 10/31/2015 كتاب

Powered By

EGPV